Повышение безопасности переходов магистрального нефтепровода через тектонические разломы на о. Сахалин; Проблемы геологии и освоения недр; Т. 2

Détails bibliographiques
Parent link:Проблемы геологии и освоения недр: труды XIX Международного симпозиума имени академика М. А. Усова студентов и молодых ученых, посвященного 70-летнему юбилею Победы советского народа над фашистской Германией, Томск, 6-10 апреля 2015 г./ Национальный исследовательский Томский политехнический университет (ТПУ), Институт природных ресурсов (ИПР) ; Общество инженеров-нефтяников, международная некоммерческая организация, Студенческий чаптер ; под ред. А. Ю. Дмитриева.— , 2015
Т. 2.— [С. 515-517]
Auteur principal: Тишкина Е. В.
Collectivité auteur: Национальный исследовательский Томский политехнический университет (ТПУ) Институт природных ресурсов (ИПР) Кафедра транспорта и хранения нефти и газа (ТХНГ)
Autres auteurs: Антропова Н. А. Наталья Алексеевна (научный руководитель)
Résumé:Заглавие с экрана
Langue:russe
Publié:
Collection:Современные технологии и техника нефтегазопроводов и нефтегазохранилищ
Современные машины и оборудование транспортировки нефти и газа
Sujets:
Accès en ligne:http://earchive.tpu.ru/handle/11683/22910
http://www.lib.tpu.ru/fulltext/c/2015/C11/V2/233.pdf
Format: Électronique Chapitre de livre
KOHA link:https://koha.lib.tpu.ru/cgi-bin/koha/opac-detail.pl?biblionumber=615541

MARC

LEADER 00000naa2a2200000 4500
001 615541
005 20231101132850.0
035 |a (RuTPU)RU\TPU\conf\13740 
035 |a RU\TPU\conf\13728 
090 |a 615541 
100 |a 20151111d2015 k y0rusy50 ca 
101 0 |a rus 
102 |a RU 
105 |a y z 100zy 
135 |a drgn ---uucaa 
181 0 |a i  
182 0 |a b 
200 1 |a Повышение безопасности переходов магистрального нефтепровода через тектонические разломы на о. Сахалин  |f Е. В. Тишкина  |g науч. рук. Н. А. Антропова 
203 |a Текст  |c электронный 
225 1 |a Современные технологии и техника нефтегазопроводов и нефтегазохранилищ 
225 1 |a Современные машины и оборудование транспортировки нефти и газа 
230 |a 1 компьютерный файл (pdf; 580 Kb) 
300 |a Заглавие с экрана 
320 |a [Библиогр.: с. 517 (4 назв.)] 
337 |a Adobe Reader 
461 1 |0 (RuTPU)RU\TPU\conf\12865  |t Проблемы геологии и освоения недр  |o труды XIX Международного симпозиума имени академика М. А. Усова студентов и молодых ученых, посвященного 70-летнему юбилею Победы советского народа над фашистской Германией, Томск, 6-10 апреля 2015 г.  |o в 2 т.  |f Национальный исследовательский Томский политехнический университет (ТПУ), Институт природных ресурсов (ИПР) ; Общество инженеров-нефтяников, международная некоммерческая организация, Студенческий чаптер ; под ред. А. Ю. Дмитриева  |d 2015 
463 1 |0 (RuTPU)RU\TPU\conf\13350  |t Т. 2  |v [С. 515-517] 
610 1 |a труды учёных ТПУ 
610 1 |a электронный ресурс 
610 1 |a безопасность 
610 1 |a переходы 
610 1 |a магистральные нефтепроводы 
610 1 |a тектонические разломы 
610 1 |a Сахалин 
700 1 |a Тишкина  |b Е. В. 
702 1 |a Антропова  |b Н. А.  |c специалист в области транспорта и хранения нефти  |c доцент Томского политехнического университета, кандидат геолого-минералогических наук  |f 1959-  |g Наталья Алексеевна  |2 stltpush  |4 727 
712 0 2 |a Национальный исследовательский Томский политехнический университет (ТПУ)  |b Институт природных ресурсов (ИПР)  |b Кафедра транспорта и хранения нефти и газа (ТХНГ)  |h 257  |2 stltpush  |3 (RuTPU)RU\TPU\col\18661 
801 2 |a RU  |b 63413507  |c 20210118  |g RCR 
856 4 |u http://earchive.tpu.ru/handle/11683/22910 
856 4 |u http://www.lib.tpu.ru/fulltext/c/2015/C11/V2/233.pdf 
942 |c BK